000 00497nam a2200169Ia 4500
008 230917s9999||||xx |||||||||||||| ||und||
020 _cRS 899.00
040 _e5003276
_aMAIN
041 _aEnglish
082 _a005.54 S69D
100 _aShmueli, Galit
245 0 _aData mining for business analytics: Concepts, techniques and applications in R
260 _aNew Delhi
_bWiley India
_c2021
300 _axv, 552 p.
500 _a4405 19/01/2022 HBD22/9290 04/03/2022 Main Budget
942 _cBK
999 _c4614
_d4614